Asian Islands - Statistics

General Stats
  • This quiz has been taken 20,887 times
    20,845 since last reset
  • The average score is 15 of 22
Answer Stats
Clue Island % Correct
"India's teardrop" Sri Lanka
95%
City-state on the tip of the Malay Peninsula Singapore
90%
Most populous island of Japan Honshu
85%
Formerly known as Formosa Taiwan
84%
Northernmost of Japan's four main islands Hokkaido
82%
Shared by Indonesia, Malaysia, and Brunei Borneo
81%
Most populous island in the world Java
81%
Indonesian resort island Bali
80%
Island country in the Persian Gulf Bahrain
78%
The eastern part of this island became an independent country in 2002 Timor
70%
Shares its name with the second most populous city in the UAE Abu Dhabi
67%
World's second largest island (often considered part of Oceania) New Guinea
67%
Manila's island Luzon
65%
Separated from Malaysia by the Strait of Malacca Sumatra
63%
Volcanic island that erupted spectacularly in 1883 Krakatoa
59%
Largest of Japan's Ryukyu islands; site of a bloody WWII battle Okinawa
56%
Resort island of southern Thailand Phuket
56%
China's largest island Hainan
50%
Largest in Russia, just north of Japan Sakhalin
41%
Large southern Philippine island Mindanao
37%
Contains South Korea's highest mountain Jeju
33%
Large Yemeni island in the Arabian Sea Socotra
31%
No matching quizzes found
Score Distribution
Percent of People with Each Score
Percentile by Number Answered
Your Score History
You have not taken this quiz since the last reset